Manažérske účtovníctvo/ 1 pojem, obsah a štruktúra

Užívateľská štruktúra účtovných informácií. Manažérske účtovníctvo. Vzájomný vzťah finančného, daňového a manažérskeho účtovníctva. Vzťah manažérskeho účtovníctva a controllingu. Dualizmus v poňatí finančného a manažérskeho účtovníctva.

Saved in:
Bibliographic Details
Main Author: Král, Bohumil
Format: Book Chapter
Language:Slovak
Subjects:
Tags: Add Tag
No Tags, Be the first to tag this record!

MARC

LEADER 00000naa a2200000 4500
001 r034413
005 20240411081200.1
041 0 |a slo 
044 |a SK 
245 1 0 |a Manažérske účtovníctvo/ 1  |b pojem, obsah a štruktúra  |c Bohumil Král 
520 |a Užívateľská štruktúra účtovných informácií. Manažérske účtovníctvo. Vzájomný vzťah finančného, daňového a manažérskeho účtovníctva. Vzťah manažérskeho účtovníctva a controllingu. Dualizmus v poňatí finančného a manažérskeho účtovníctva. 
610 2 0 |a účtovníctvo manažérske 
610 2 0 |a pojmy 
610 2 0 |a informácie 
610 2 0 |a účtovníctvo finančné 
610 2 0 |a náklady 
610 2 0 |a kontroling 
610 2 0 |a nástroje riadenia 
610 2 0 |a podnikanie 
610 2 0 |a manažéri 
610 2 0 |a dane 
610 2 0 |a účtovníctvo daňové 
100 1 |a Král, Bohumil